00696nam a22001817a 4500003000900000008004100009040007100050082002000121245007200141260005200213300004400265440003400309505009500343650002400438650001500462650001300477700002400490AR-CdUCM190425b ||||| |||| 00| 0 spa d aMUNICIPALIDAD PROVINCIAL DEL CUSCOcBIBLIOTECA MUNICIPAL DEL CUSCO aSur/N°223/1992 aSur :bsemanario regional surandino /cGuido Delran Cousy, Director aCusco.bCentro Bartolomé de las Casas,c1992. a8 páginas. :bilustraciones ;c29 cm. aSur.nAño XIV, N°223,1992. aContenido: Mutual Cusco falta transitoria de liquidez. -- Entre traumas mitos y utopías. aSociedad cusqueña aPolítica aSiglo XX aCáceres, Efraín